Impartial account of the trial of Ebenezer Mason, on an indictment for the murder of Willian Pitt Allen : at the Supreme Judicial Court, holden at Dedham, in the county of Norfork, and commonwealth of Massachusetts, on Thursday the sixth day of August, 1802.

Bibliographic Details
Main Author: Mason, Ebenezer, -1802
Corporate Author: Massachusetts. Supreme Judicial Court
Other Authors: Mann, Herman, 1771-1833
Format: Microform Book
Language:English
Published: [Place of publication not identified] : [publisher not identified], 1802
Subjects:

MARC

Tag First Indicator Second Indicator Subfields
LEADER 00000cam a2200000 a 4500
001 in00000077985
005 20151008055107.0
007 he bm----b---
008 810521r19791802kyu b 00010 eng d
035 |a (OCoLC)07437145 
035 |9 AAJ2541AM 
040 |a GUA  |c GUA  |d TXA  |d UtOrBLW 
043 |a n-us-ma 
049 |a TXAI 
052 |a 3760 
099 |a fiche  |a C  |a 3762 
100 1 |a Mason, Ebenezer,  |d -1802. 
245 1 0 |a Impartial account of the trial of Ebenezer Mason, on an indictment for the murder of Willian Pitt Allen :  |b at the Supreme Judicial Court, holden at Dedham, in the county of Norfork, and commonwealth of Massachusetts, on Thursday the sixth day of August, 1802. 
264 1 |a [Place of publication not identified] :  |b [publisher not identified],  |c 1802 
264 3 |a Dedham [Mass.] :  |b Printed by H. Mann 
300 |a 28 pages ;  |c 19 cm. 
336 |a text  |b txt  |2 rdacontent 
337 |a microform  |b h  |2 rdamedia 
338 |a microfiche  |b he  |2 rdacarrier 
500 |a "Introductory remarks" signed: H. Mann. 
500 |a "Sabin : 45432." 
500 |a "Copied from the original in the Library of Congress." 
533 |a Microform.  |b Louisville, [Ky.] :  |c Lost Cause Press,  |d 1979.  |e 2 microfiches : negative ; 11 x 15 cm.  |f ([Bibliotheca Americana. Selected Americana. Microfiche ed. / J. Sabin]) (Fiche book) 
500 |a Microform. 
600 1 0 |a Allen, William Pitt,  |d -1802. 
600 1 0 |a Mason, Ebenezer,  |d -1802. 
700 1 |a Mann, Herman,  |d 1771-1833. 
710 1 |a Massachusetts.  |b Supreme Judicial Court. 
999 |a MARS 
999 f f |s 301ac56c-1f68-39c1-b2d9-0a0c239f26da  |i 9e1ab4b8-ae49-35dc-a99a-15691af2c489  |t 0 
952 f f |p normal  |a Texas A&M University  |b College Station  |c Sterling C. Evans Library  |d Evans: Microforms (3rd floor)  |t 0  |e fiche C 3762  |h Other scheme  |i microform -- microfiche  |m A14821395742 
998 f f |a fiche C 3762  |t 0  |l Evans: Microforms (3rd floor)